00984nam a2200217 a 450000100100000000500170001000800410002704000250006808200150009311000690010824500430017726000330022030000290025350000380028271000690032004900090038995201130039895201190051195201190063099900170074900002627220250221073755.0110308s2006 dr b 000 0 spa d aDO-SdBNPbspacBNPHU axxxbR426d1 aRepública Dominicana.bOficina Nacional de Estadística9577510aRepública Dominicana en cifras 2006. aSanto Domingo :bONE,c2006. a176 p. :bmap. ;c28 cm. aIncluye notas al pie de páginas1 aRepública Dominicana.bOficina Nacional de Estadística95775 aBNPD 0010718PDaPDbPDcCTd2011-03-08iLF1l0oxxx R426dp26272-10r2020-06-25w2020-06-25yLFPDZNo se presta 0010718PDaPDbPDcCTd2011-04-18iLF1l0oxxx R426dp26272-20r2020-06-25te. 2w2020-06-25yLFPDZNo se presta 0010718DSaPDbPDcCTd2013-07-15iLF1l0oxxx R426dp26272-30r2020-06-25te. 3w2020-06-25yLFDSZNo se presta c25764d25764